Statistics for Pokémon GO: Lowest CP Rock-type Pokémon

Click here to take the quiz!

General Stats

  • This quiz has been taken 13 times
    (6 since last reset)
  • The average score is 15 of 20

Answer Stats

Max CPAnswer% Correct
1384Dwebble
100%
1462Geodude
100%
1462Geodude (Alolan)
100%
1245Onix
100%
1074Rockruff
100%
1478Aron
80%
1549Kabuto
80%
1460Lileep
80%
1362Roggenrola
80%
458Shuckle
80%
1683Tirtouga
80%
1541Amaura
60%
1472Bonsly
60%
1658Carbink
60%
1495Growlithe (Hisuian)
60%
1176Larvitar
60%
1123Nosepass
60%
1007Shieldon
60%
1558Corsola
40%
1069Binacle
20%

Score Distribution

Percentile by Number Answered

Percent of People with Each Score

Your Score History

You have not taken this quiz since the last reset